Licenčné poplatky v kontexte modelovej zmluvy OECD a spôsob ich zdanenia v SR
Vymedzenie pojmu licenčné poplatky v zmysle Modelovej zmluvy OECD ako aj vzmysle právnych predpisov SR. Poukázanie na spôsoby zdanenia jednotlivých licenčných poplatkov v SR.
Na minha lista:
| Autor principal: | |
|---|---|
| Formato: | Capítulo de Livro |
| Idioma: | eslovaco |
| Assuntos: | |
| Tags: |
Sem tags, seja o primeiro a adicionar uma tag!
|
MARC
| LEADER | 00000naa$a2200000$$$4500 | ||
|---|---|---|---|
| 001 | 0163349 | ||
| 005 | 20240502072834.2 | ||
| 041 | 0 | |a slo | |
| 044 | |a SK | ||
| 245 | 1 | 0 | |a Licenčné poplatky v kontexte modelovej zmluvy OECD a spôsob ich zdanenia v SR |c Ivona Ďurinová |
| 520 | |a Vymedzenie pojmu licenčné poplatky v zmysle Modelovej zmluvy OECD ako aj vzmysle právnych predpisov SR. Poukázanie na spôsoby zdanenia jednotlivých licenčných poplatkov v SR. | ||
| 610 | 2 | 0 | |a poplatky |
| 610 | 2 | 0 | |a licencie |
| 610 | 2 | 0 | |a licencie daňové |
| 610 | 2 | 0 | |a povinnosť daňová |
| 610 | 2 | 0 | |a predpisy daňové |
| 610 | 2 | 0 | |a zdanenie dvojité |
| 610 | 2 | 0 | |a predpisy právne |
| 610 | 2 | 0 | |a OECD |
| 100 | 1 | |a Ďurinová, Ivona, 1964- | |